Quiz - image chanteurs - Statistiques

Statistiques générales
  • Ce quiz a été pris 149 fois
  • Le résultat moyen est 12 sur 16
Statistiques - réponses
Par images Réponse % Correct
Jul
100%
Gims
99%
Sch
91%
Kendji girac
90%
Vianney
89%
Amir
84%
Tayc
82%
Dadju
81%
Christophe Maé
79%
Plk
77%
Claudio capéo
73%
Tiakola
70%
Rnboi
56%
Fave
54%
Jeremy Frerot
41%
Josman
25%
Aucun quiz correspondant
Distribution des résultats
% des personnes avec chaque résultat
Percentile par nombre de réponses
Votre historique - résultats
Vous n’avez pas pris ce quiz